| 000 | 00609nam a22001937a 4500 | ||
|---|---|---|---|
| 005 | 20250625150107.0 | ||
| 010 | _aENG-145568 | ||
| 020 |
_a9788194928652 _c750.00 |
||
| 035 | _aEN-129100 | ||
| 037 | _bDBAD | ||
| 082 | _a616.1206 | ||
| 100 |
_aKaul, Upendra _982345 |
||
| 245 |
_aWhen The Heart Speaks Memoirs Of A Cardiologist/ _cUpendra Kaul |
||
| 250 | _a1 | ||
| 260 |
_aNew Delhi _bKonark Publishers Pvt Ltd _c2022 |
||
| 270 |
_a206, First Floor, Peacock Lane, Shahpur Jat _bNew Delhi _e110049 _k+91-11-41055065 |
||
| 300 |
_axx, 202p _c22cm (hb) |
||
| 942 |
_2ddc _cEN _h616.1206 _mKAU |
||
| 999 |
_c211947 _d211947 |
||